Miasta w Polsce zakończone na -sk na mapie - Statystyki

Ogólne statystyki
  • Ten quiz został rozwiązany 330 razy
  • Średni wynik to 7 z 18
Odpowiedzi na mapie
Odpowiedzi zakodowano w zielono-czerwonej skali na mapie do tego quizu, zgodnie z poniższymi procentami.
 
Statystyki odpowiedzi
Województwo Miasto % Poprawnych
Pomorskie Gdańsk
95%
Pomorskie Słupsk
83%
Mazowieckie Płońsk
56%
Mazowieckie Pułtusk
51%
Łódzkie Łask
47%
Podkarpackie Leżajsk
45%
Podkarpackie Przeworsk
45%
Pomorskie Czersk
39%
Podlaskie Lipsk
29%
Mazowieckie Nasielsk
28%
Podlaskie Brańsk
26%
Łódzkie Kamieńsk
25%
Dolnośląskie Pieńsk
24%
Lubuskie Czerwieńsk
23%
Łódzkie Lutomiersk
21%
Dolnośląskie Mirsk
21%
Wielkopolskie Wyrzysk
20%
Wielkopolskie Dolsk
19%
Nie znaleziono quizów pasujących do podanych kryteriów
Rozkład punktacji
Procent ludzi z każdym wynikiem
Percentyl według liczby udzielonych odpowiedzi
Twoja historia wyników
Nie rozwiązałeś tego quizu